| 000 | 00645nam a2200217 a 4500 | ||
|---|---|---|---|
| 005 | 20250208063735.0 | ||
| 008 | 030218s2001 es r 000 0 spa d | ||
| 020 | _a8433012762 | ||
| 035 | _aUPN01000122024 | ||
| 049 | _aCG | ||
| 050 | 4 |
_aBF318.5 _bC3.7 2001 |
|
| 245 | 0 | 0 |
_a14 aprendizajes vitales / _cCarlos Alemany ... [et al.]. |
| 250 | _a7a ed. | ||
| 260 |
_aBilbao, Esp. : _bDesclée de Brouwer, _c2001. |
||
| 300 |
_a304 p. : _bil. |
||
| 440 | 0 |
_aSerendipity. _pSerie maior ; _v5 |
|
| 650 | 4 |
_aAprendizaje mediante la práctica _97610 |
|
| 650 | 4 |
_aDESARROLLO DE SI MISMO _97940 |
|
| 700 | 1 |
_aAlemany, Carlos, _ecoaut. |
|
| 905 | _aLibro | ||
| 999 |
_c94226 _d94226 |
||